Choice and adaptation of technology in developing countries : An overview of major policy issues
Showed us the choice and adaptation of technology in developing countries
Guardat en:
| Format: | Llibre |
|---|---|
| Idioma: | Undetermined |
| Publicat: |
Paris
The Organisation for Economic Co-operation and Development
1974
|
| Matèries: | |
| Etiquetes: |
Afegir etiqueta
Sense etiquetes, Sigues el primer a etiquetar aquest registre!
|
| Thư viện lưu trữ: | Trung tâm Học liệu Trường Đại học Cần Thơ |
|---|
| LEADER | 00877nam a2200217Ia 4500 | ||
|---|---|---|---|
| 001 | CTU_219315 | ||
| 008 | 210402s9999 xx 000 0 und d | ||
| 082 | |a 609.1724 | ||
| 082 | |b C545 | ||
| 245 | 0 | |a Choice and adaptation of technology in developing countries : | |
| 245 | 3 | |b An overview of major policy issues | |
| 245 | 0 | |c Review of the discussions held at the study sessions organised by the OECD Development Centre, Paris, 7th-9th November, 1972 | |
| 260 | |a Paris | ||
| 260 | |b The Organisation for Economic Co-operation and Development | ||
| 260 | |c 1974 | ||
| 520 | |a Showed us the choice and adaptation of technology in developing countries | ||
| 650 | |a Technology,Khoa học công nghệ | ||
| 650 | |x Developing countries | ||
| 650 | |z Quốc gia đang phát triển | ||
| 904 | |i Nguyên | ||
| 980 | |a Trung tâm Học liệu Trường Đại học Cần Thơ | ||